Phan Châu Trinh toàn tập

Saved in:
Bibliographic Details
Main Author: Phan, Châu Trinh
Format: Book
Language:Undetermined
Published: Đà Nẵng Nhà xuất bản Đà Nẵng 2005
Subjects:
Tags: Add Tag
No Tags, Be the first to tag this record!
Institutions: Trung tâm Học liệu Trường Đại học Cần Thơ
LEADER 00700nam a2200193Ia 4500
001 CTU_155356
008 210402s9999 xx 000 0 und d
082 |a 895.922008 
082 |b Tr312/T1 
100 |a Phan, Châu Trinh 
245 0 |a Phan Châu Trinh toàn tập 
245 0 |c Phan Châu Trinh ; Chương Thâu ( chủ biên ), Dương Trung Quốc, Lê Thị Kinh 
260 |a Đà Nẵng 
260 |b Nhà xuất bản Đà Nẵng 
260 |c 2005 
650 |a Biography,Vietnamese literuture,Tiểu sửu,Văn học Việt Nam 
650 |x Collections,Bộ sưu tập 
904 |i Qhieu 
980 |a Trung tâm Học liệu Trường Đại học Cần Thơ